000 004780000a22001930004500
001 003074
003 MACL
005 20151025132443.0
008 151025b xxu||||| |||| 00| 0 eng d
040 _aMACL
_cMACL
041 _aEnglish
082 _a928/KUM
100 _aKumar, Shireen Imam
_916714
245 _aThe Torrid Zone
_cShireen Imam Kumar
260 _aNew Delhi
_c2001
_bVirgo Publications,
350 _a150
650 _aBiography
_916715
942 _k928
_cBK
_2ddc
999 _c14980
_d14980